000 00590nam a2200169 i 4500
001 23965
003 ES-MaACL
005 20230906152951.0
007 t|
008 021213s1961 sp ||||1| spa d
100 1 _aAmigo García, Alvaro.
_921242
245 1 0 _aSantiago médico y la cirugía cardiaca /
_cpor Alvaro Amigo García ; presentación de Ramón Baltar Domínguez.
260 _a[S.l. :
_bs.n.,
_cs.a.] (
_e[Santiago :
_fImp. Yrago de Romero,
_g1961])
300 _a22 p. :
_bil. ;
_c24 cm.
700 1 _aBaltar Domínguez, Ramón.
_925121
852 _aES-MaACL
_j2022-F-4
_bR.48023
999 _c23965
_d23965